[Event "OLNN 1819 SC Königsspringer HH - Preet"]
[Site "?"]
[Date "2018.12.16"]
[Round "4.5"]
[White "Light, Bjarne"]
[Black "Schmidt, Jan-Peter"]
[Result "1/2-1/2"]
[WhiteElo "2195"]
[BlackElo "2227"]
[PlyCount "161"]
[EventDate "2018.??.??"]

1. c4 c5 2. g3 Nc6 3. Bg2 g6 4. Nc3 Bg7 5. a3 d6 6. Rb1 e6 7. b4 Nge7 8. Nf3
O-O 9. h4 h6 10. bxc5 dxc5 11. Bb2 e5 12. d3 Be6 13. Nd2 Qd7 14. Nb3 b6 15. a4
a5 16. e4 Nb4 17. Nd5 Bxd5 18. exd5 Qxa4 19. O-O Qd7 20. Re1 Qd6 21. Qe2 Nf5
22. Nd2 Rae8 23. Ne4 Qd8 24. h5 Nd6 25. hxg6 f5 26. Nxd6 Qxd6 27. Bf3 Re7 28.
Bh5 e4 29. Bxg7 Kxg7 30. dxe4 fxe4 31. Rb3 Ree8 32. Re3 Nd3 33. Rf1 Qe5 34. Bg4
Rf6 35. Be6 Rexe6 36. dxe6 Rxe6 37. Qg4 h5 38. Qh3 Kxg6 39. Rd1 Qf5 40. Qxf5+
Kxf5 41. f3 Ne5 42. fxe4+ Kg4 43. Rd8 Rg6 44. Rc3 h4 45. gxh4 Kxh4+ 46. Kf2
Rf6+ 47. Ke3 Rf3+ 48. Kd2 Rf2+ 49. Kc1 Re2 50. Rd6 Rxe4 51. Rxb6 Kg4 52. Rb5
Rxc4 53. Rxc4+ Nxc4 54. Rxc5 Ne3 55. Rxa5 Kf4 56. Ra8 Ke4 57. Kd2 Nc4+ 58. Kc3
Ne5 59. Rd8 Kf5 60. Rd4 Ke6 61. Rd1 Kf5 62. Kd4 Nc6+ 63. Kc5 Ne5 64. Kd5 Nf3
65. Ra1 Kf4 66. Ra3 Ne5 67. Ra4+ Kf5 68. Ra8 Ng6 69. Ra1 Nf4+ 70. Kd4 Ne6+ 71.
Ke3 Ke5 72. Ra5+ Kd6 73. Rh5 Nc5 74. Kd4 Ne6+ 75. Kc4 Kc6 76. Rd5 Nc7 77. Rd8
Ne6 78. Rh8 Kd6 79. Rh5 Kc6 80. Rh6 Kd6 81. Rxe6+ 1/2-1/2

[Event "OLNN 1819 SC Königsspringer HH - Preet"]
[Site "?"]
[Date "2018.12.16"]
[Round "4.6"]
[White "Borgmeyer, Max"]
[Black "Schuette, Andreas"]
[Result "0-1"]
[WhiteElo "2211"]
[BlackElo "2144"]
[PlyCount "132"]
[EventDate "2018.??.??"]

1. e4 d5 2. exd5 Qxd5 3. Nc3 Qd6 4. Nf3 Nf6 5. Be2 Nc6 6. d3 Bg4 7. Be3 e6 8.
Qd2 Qd7 9. a3 Be7 10. O-O O-O 11. Rfe1 Rfd8 12. Rad1 Bxf3 13. Bxf3 Nd4 14. Bxd4
Qxd4 15. Qe3 c6 16. Qxd4 Rxd4 17. Ne2 Rd7 18. g3 Rc7 19. d4 Rd8 20. c3 h6 21.
Nf4 Nd5 22. Bxd5 cxd5 23. Nd3 b5 24. f4 a5 25. f5 exf5 26. Re5 b4 27. axb4 axb4
28. Nf4 Bd6 29. Rxd5 bxc3 30. bxc3 Rxc3 31. Ra1 Rcc8 32. Nd3 g6 33. Ra4 Kg7 34.
Rb5 Rc3 35. Nb2 f4 36. gxf4 Bxf4 37. d5 g5 38. Rc4 Rc8 39. Rxc8 Rxc8 40. Nd3
Rc4 41. Nxf4 Rxf4 42. Rb6 Rd4 43. Rd6 Rd2 44. Kh1 h5 45. Kg1 h4 46. h3 f6 47.
Rd7+ Kg6 48. Rd6 Kf5 49. Kh1 Kf4 50. Rxf6+ Kg3 51. Rf1 Kxh3 52. Rf3+ Kg4 53.
Ra3 Rxd5 54. Kh2 Rd2+ 55. Kh1 Rf2 56. Kg1 Rf3 57. Ra4+ Kg3 58. Ra2 g4 59. Rg2+
Kf4 60. Ra2 h3 61. Kh2 Kg5 62. Ra8 Rf2+ 63. Kg1 Re2 64. Ra3 Kf4 65. Ra4+ Kf3
66. Ra8 Re1+ 0-1

[Event "OLNN 1819 SC Königsspringer HH - Preet"]
[Site "?"]
[Date "2018.12.16"]
[Round "4.7"]
[White "Dittmann, Hans-Adolf"]
[Black "Wagner, Friedrich"]
[Result "0-1"]
[WhiteElo "2045"]
[BlackElo "2132"]
[PlyCount "72"]
[EventDate "2018.??.??"]

1. e4 c6 2. d4 d5 3. Nc3 dxe4 4. Nxe4 Nd7 5. Nf3 Ngf6 6. Ng3 c5 7. Bd3 e6 8.
O-O Be7 9. c3 O-O 10. Qe2 Qc7 11. Re1 b6 12. Bg5 Bb7 13. Ne4 Rfd8 14. Rad1 a6
15. Bh4 b5 16. dxc5 Nxc5 17. Nxf6+ Bxf6 18. Bxf6 gxf6 19. Nd4 Rd5 20. Qe3 Rg5
21. Bf1 Rd8 22. Ne2 Na4 23. Rxd8+ Qxd8 24. b3 Nb6 25. f4 Rd5 26. Nd4 b4 27. Bc4
Rd6 28. Ne2 Rd2 29. cxb4 Nxc4 30. bxc4 Rxa2 31. Kf2 Qd6 32. Rb1 Qc6 33. Qg3+
Kf8 34. b5 axb5 35. cxb5 Rxe2+ 36. Kxe2 Qc2+ 0-1

[Event "OLNN 1819 SC Königsspringer HH - Preet"]
[Site "?"]
[Date "2018.12.16"]
[Round "4.8"]
[White "Lock, Adrian"]
[Black "Kornrumpf, Joachim"]
[Result "0-1"]
[WhiteElo "2076"]
[BlackElo "2080"]
[PlyCount "80"]
[EventDate "2018.??.??"]

1. e4 c5 2. Nf3 e6 3. b3 b6 4. Bb2 d6 5. Bb5+ Bd7 6. Bxd7+ Nxd7 7. O-O Ngf6 8.
Re1 Be7 9. d4 cxd4 10. Nxd4 Qc7 11. c4 O-O 12. Nc3 Rac8 13. Rc1 Rfd8 14. Qe2
Bf8 15. h3 Qb7 16. Rcd1 Nc5 17. Kh1 a6 18. Nf3 Ncd7 19. Nh2 Ne5 20. f4 Ng6 21.
Rf1 b5 22. e5 dxe5 23. Rxd8 Rxd8 24. fxe5 Nd7 25. cxb5 Ndxe5 26. bxa6 Qa8 27.
Ne4 Nd3 28. Ba1 Ngf4 29. Qf3 f5 30. Nc3 Qxa6 31. Rd1 Qb6 32. Rd2 e5 33. Na4 Qc7
34. Nf1 e4 35. Qg3 Qc1 36. Rf2 Nxf2+ 37. Qxf2 Rd1 38. Kg1 e3 39. Qxf4 e2 40.
Qxc1 exf1=Q+ 0-1

[Event "OLNN 1819 Schachfreunde HH - SK Johanne"]
[Site "?"]
[Date "2018.12.16"]
[Round "4.1"]
[White "Wedberg, Tom"]
[Black "Sawatzki, Frank"]
[Result "0-1"]
[WhiteElo "2430"]
[BlackElo "2392"]
[PlyCount "82"]
[EventDate "2018.??.??"]

1. e4 c5 2. Nf3 Nc6 3. d4 cxd4 4. Nxd4 e6 5. Nc3 Qc7 6. Be3 a6 7. Qf3 Nf6 8.
O-O-O b5 9. Nxc6 dxc6 10. Bd4 e5 11. Qg3 Nd7 12. Be3 Nf6 13. Be2 Be6 14. f4 b4
15. Na4 Nxe4 16. Qf3 Bd5 17. Nb6 Rd8 18. Bc4 Nd2 19. Qe2 Nxc4 20. Nxc4 Be7 21.
fxe5 O-O 22. Bf4 f6 23. Kb1 f5 24. h4 h6 25. b3 a5 26. h5 Kh7 27. Rhf1 a4 28.
g4 axb3 29. cxb3 fxg4 30. Qxg4 Be4+ 31. Kb2 Bf5 32. Qg3 Rxd1 33. Rxd1 Rd8 34.
Nd6 Bxd6 35. exd6 Qf7 36. Be5 Rd7 37. Rg1 Ra7 38. Qe3 Qd5 39. Qxa7 Qxe5+ 40.
Kc1 c5 41. d7 Qc3+ 0-1

[Event "OLNN 1819 Schachfreunde HH - SK Johanne"]
[Site "?"]
[Date "2018.12.16"]
[Round "4.3"]
[White "Zart, Ruediger"]
[Black "Neffe, Axel"]
[Result "1-0"]
[WhiteElo "2149"]
[BlackElo "2227"]
[PlyCount "96"]
[EventDate "2018.??.??"]

1. e4 e5 2. Nf3 Nc6 3. Bb5 Bc5 4. c3 f5 5. exf5 e4 6. Bxc6 dxc6 7. Ne5 Nf6 8.
d4 exd3 9. Nxd3 Qe7+ 10. Qe2 Qxe2+ 11. Kxe2 Bd6 12. h3 Bxf5 13. c4 O-O-O 14.
Rd1 Rhe8+ 15. Be3 Nh5 16. Ne1 Ng3+ 17. fxg3 Bc5 18. Rxd8+ Kxd8 19. g4 Bg6 20.
Nc3 Bxe3 21. Rd1+ Kc8 22. Kf1 Rf8+ 23. Ke2 Re8 24. Kf1 c5 25. Nd5 Bd4 26. b3 c6
27. Nf4 Rf8 28. g3 Be4 29. Ke2 g5 30. Nfd3 Rf6 31. h4 h6 32. h5 Kc7 33. a3 a5
34. Kd2 Rf1 35. Nc1 Rh1 36. Ne2 Rh2 37. Rc1 b6 38. a4 Bf2 39. Rc3 Kd6 40. Nf3
Rh1 41. Rd3+ Bxd3 42. Kxd3 Bxg3 43. Nxg3 Rb1 44. Kc2 Ra1 45. Nf5+ Ke6 46. Nxh6
Kf6 47. Kd3 Rb1 48. Nd2 Ke5 1-0

[Event "OLNN 1819 Schachfreunde HH - SK Johanne"]
[Site "?"]
[Date "2018.12.16"]
[Round "4.4"]
[White "Hermesmann, Hans"]
[Black "Schroeder, Christoph"]
[Result "1-0"]
[WhiteElo "2244"]
[BlackElo "2169"]
[PlyCount "79"]
[EventDate "2018.??.??"]

1. d4 e6 2. c4 Nf6 3. Nc3 Bb4 4. e3 O-O 5. Bd3 c5 6. a3 Bxc3+ 7. bxc3 Nc6 8.
Ne2 b6 9. e4 Ne8 10. O-O Na5 11. f4 f5 12. e5 Ba6 13. d5 Nc7 14. d6 Ne8 15. Qc2
Bxc4 16. Bxc4 Nxc4 17. Qd3 Na5 18. Be3 Qc8 19. c4 Qc6 20. Bd2 Nb7 21. a4 a5 22.
Rab1 Nd8 23. Rb5 g6 24. Rfb1 Ra6 25. Kf2 Ng7 26. Qf3 Kf7 27. Be3 Qxf3+ 28. Kxf3
Nc6 29. Rxb6 Rxb6 30. Rxb6 Rc8 31. Rb5 g5 32. g3 gxf4 33. gxf4 Nd4+ 34. Bxd4
cxd4 35. c5 d3 36. Ng3 Ra8 37. Rb7 Kg6 38. Rxd7 Rb8 39. Ke3 Rb4 40. Kxd3 1-0

[Event "OLNN 1819 Schachfreunde HH - SK Johanne"]
[Site "?"]
[Date "2018.12.16"]
[Round "4.5"]
[White "von Gleich, Alexander"]
[Black "Ritscher, Jan-Paul"]
[Result "1/2-1/2"]
[WhiteElo "2323"]
[BlackElo "2245"]
[PlyCount "42"]
[EventDate "2018.??.??"]

1. Nf3 d5 2. c4 e6 3. g3 Nf6 4. Bg2 Be7 5. O-O O-O 6. d4 c6 7. Nbd2 b6 8. Qc2
Bb7 9. e4 dxc4 10. Nxc4 c5 11. e5 Nd5 12. dxc5 bxc5 13. Qe4 Nd7 14. Qg4 Kh8 15.
Bg5 Ba6 16. Bxe7 Qxe7 17. Rfe1 Bxc4 18. Qxc4 Rab8 19. b3 Rfc8 20. Rac1 h6 21.
Nd2 Nb4 1/2-1/2

[Event "OLNN 1819 Schachfreunde HH - SK Johanne"]
[Site "?"]
[Date "2018.12.16"]
[Round "4.6"]
[White "Kull, Florian"]
[Black "Keyser, Robin"]
[Result "1-0"]
[WhiteElo "2185"]
[BlackElo "2017"]
[PlyCount "103"]
[EventDate "2018.??.??"]

1. c4 g6 2. Nc3 Bg7 3. g3 d6 4. Bg2 e5 5. Nf3 f5 6. d3 Nf6 7. O-O O-O 8. Rb1 a5
9. a3 Nc6 10. Bg5 h6 11. Bxf6 Qxf6 12. Nd5 Qf7 13. b4 axb4 14. axb4 f4 15. b5
Nd8 16. Nd2 Ne6 17. Ne4 Ng5 18. b6 c6 19. Nxd6 Qd7 20. Nxc8 Raxc8 21. Nc3 fxg3
22. hxg3 Nh3+ 23. Bxh3 Qxh3 24. Ne4 Rf5 25. f3 Rh5 26. Kf2 Qh2+ 27. Ke3 Qh3 28.
g4 Rh4 29. Rh1 Qxh1 30. Qxh1 Rxh1 31. Rxh1 Ra8 32. Rb1 Bf8 33. f4 exf4+ 34.
Kxf4 Ra2 35. e3 Ra4 36. Kf3 Kf7 37. c5 Ke6 38. d4 Ra2 39. Rb3 Be7 40. Rd3 Ra5
41. Nc3 Ra3 42. Nd5 Ra2 43. Nxe7 Kxe7 44. Kf4 Ke6 45. Rd1 Rf2+ 46. Kg3 Re2 47.
Kf3 Rh2 48. Ra1 Kd5 49. Ra7 Rh3+ 50. Kf2 Ke4 51. Rxb7 Rf3+ 52. Kg2 1-0

[Event "OLNN 1819 Schachfreunde HH - SK Johanne"]
[Site "?"]
[Date "2018.12.16"]
[Round "4.7"]
[White "Schueler, Hendrik"]
[Black "Kluenger, Marc"]
[Result "0-1"]
[WhiteElo "2115"]
[BlackElo "2184"]
[PlyCount "88"]
[EventDate "2018.??.??"]

1. d4 d5 2. Nf3 Nf6 3. c4 dxc4 4. g3 e6 5. Bg2 c5 6. O-O Nc6 7. Ne5 Bd7 8. Nxc6
Bxc6 9. Bxc6+ bxc6 10. Qa4 cxd4 11. Qxc6+ Nd7 12. Qxc4 Bc5 13. Nd2 O-O 14. Ne4
Bb6 15. Bg5 Qc8 16. Qxc8 Rfxc8 17. Rfc1 f6 18. Bf4 Nc5 19. Nxc5 Bxc5 20. Rc4
Bb6 21. Rac1 Rxc4 22. Rxc4 e5 23. Bd2 Kf7 24. a4 Ke6 25. a5 Kd5 26. Rb4 Bc7 27.
Rb7 Kc6 28. a6 Rb8 29. Rb4 Rxb4 30. Bxb4 Bd6 31. Bxd6 Kxd6 32. Kf1 Kc5 33. Ke1
Kb5 34. Kd2 e4 35. g4 g6 36. f3 f5 37. gxf5 gxf5 38. fxe4 fxe4 39. Kc2 Kxa6 40.
b4 Kb5 41. Kb3 a6 42. h3 h6 43. h4 h5 44. Kc2 Kxb4 0-1

[Event "OLNN 1819 Schachfreunde HH - SK Johanne"]
[Site "?"]
[Date "2018.12.16"]
[Round "4.8"]
[White "Dietz, Juergen"]
[Black "Keyser, Philipp"]
[Result "1-0"]
[WhiteElo "2157"]
[BlackElo "2025"]
[PlyCount "89"]
[EventDate "2018.??.??"]

1. f4 Nh6 2. Nf3 g6 3. d3 d5 4. g3 Bg7 5. Bg2 c6 6. c3 Qb6 7. e4 O-O 8. Qe2
dxe4 9. dxe4 Bg4 10. Be3 Qa6 11. Nbd2 Rd8 12. h3 Bxf3 13. Bxf3 e6 14. Nb3 b6
15. a4 Qxe2+ 16. Kxe2 Nd7 17. Rhd1 Rac8 18. a5 c5 19. axb6 axb6 20. Ra7 Nb8 21.
Rxd8+ Rxd8 22. Rb7 Nd7 23. Nd2 Kf8 24. Nc4 Ke8 25. e5 Rb8 26. Rxb8+ Nxb8 27.
Nxb6 Bf8 28. g4 Kd8 29. Kd3 Kc7 30. Na4 Nd7 31. Be4 Ng8 32. Kc4 f6 33. Bxc5
Nxc5 34. Nxc5 Bxc5 35. Kxc5 fxe5 36. fxe5 Nh6 37. b4 Nf7 38. Kd4 Kb6 39. c4 Kc7
40. c5 Kb8 41. b5 Kc7 42. b6+ Kb8 43. c6 Kc8 44. Bd3 Nd8 45. Ba6+ 1-0

[Event "OLNN 1819 FC St. Pauli II - SC Diogenes"]
[Site "?"]
[Date "2018.12.16"]
[Round "4.1"]
[White "Hochgraefe, Markus"]
[Black "Trisic, Aleksandar"]
[Result "1-0"]
[WhiteElo "2413"]
[BlackElo "2285"]
[PlyCount "97"]
[EventDate "2018.??.??"]

1. Nf3 Nf6 2. c4 e6 3. g3 d5 4. Bg2 dxc4 5. Qa4+ Bd7 6. Qxc4 Bc6 7. O-O Nbd7 8.
Nc3 Nb6 9. Qb3 Be7 10. Re1 O-O 11. e4 a5 12. d4 a4 13. Qc2 a3 14. b3 h6 15. Bd2
Rc8 16. Rad1 Be8 17. Bc1 Ra8 18. Ne5 Qb8 19. Bf4 Qa7 20. Nd3 Rc8 21. b4 Bd7 22.
Nc5 Rfd8 23. Qb3 Be8 24. Nb1 Nbd7 25. Qxa3 Qb6 26. Nc3 Nf8 27. Qb3 Ng6 28. e5
Nh7 29. Be3 Bxc5 30. dxc5 Qa6 31. b5 Qa5 32. Bxb7 Rxd1 33. Rxd1 Rb8 34. Be4
Nxe5 35. Bf4 Nd7 36. c6 Nc5 37. Bxh7+ Kxh7 38. Qc4 e5 39. Bxe5 Ne6 40. h4 Qa3
41. Kg2 Rc8 42. Nd5 Kh8 43. Rd3 Qa5 44. Nf4 Nf8 45. Bc3 Qa8 46. h5 Rb8 47. a4
f6 48. Re3 Nd7 49. Bd4 1-0

[Event "OLNN 1819 FC St. Pauli II - SC Diogenes"]
[Site "?"]
[Date "2018.12.16"]
[Round "4.2"]
[White "Breyther, Ruediger"]
[Black "Schulenburg, Fabian"]
[Result "1/2-1/2"]
[WhiteElo "2242"]
[BlackElo "2268"]
[PlyCount "109"]
[EventDate "2018.??.??"]

1. e4 d5 2. exd5 Qxd5 3. Nc3 Qa5 4. d4 Nf6 5. Nf3 c6 6. Ne5 Be6 7. Be2 Nbd7 8.
Nxd7 Bxd7 9. O-O g6 10. Re1 Bg7 11. Bf3 Be6 12. Bf4 O-O 13. Be5 Rad8 14. Qe2
Rd7 15. a3 Rc8 16. b4 Qd8 17. Na4 b6 18. c4 Ne8 19. Rad1 Bxe5 20. dxe5 Rcc7 21.
Rxd7 Rxd7 22. Bxc6 Rd2 23. Qe3 Ng7 24. Bd5 Ra2 25. Qb3 Rd2 26. Nc3 Nf5 27. Rd1
Rxd1+ 28. Qxd1 Qc7 29. Qe2 h5 30. h3 Nd4 31. Qe4 Bxd5 32. Qxd5 Nc6 33. Nb5 Qc8
34. Nd4 Nxd4 35. Qxd4 Qc7 36. Qd5 Kf8 37. h4 Ke8 38. g3 e6 39. Qd6 Qxc4 40.
Qb8+ Ke7 41. Qxa7+ Ke8 42. Qxb6 Qc1+ 43. Kg2 Qxa3 44. Qc6+ Kd8 45. b5 Qa5 46.
Qd6+ Ke8 47. b6 Qa8+ 48. Kg1 Qb7 49. Qb4 Kd7 50. Qa4+ Kd8 51. Qa3 Kd7 52. Qf8
Kc6 53. Qd6+ Kb5 54. Qc7 Ka6 55. Qd8 {(=)} 1/2-1/2

[Event "OLNN 1819 FC St. Pauli II - SC Diogenes"]
[Site "?"]
[Date "2018.12.16"]
[Round "4.3"]
[White "Schulenburg, Torben"]
[Black "Perez De Miguel, Alvaro"]
[Result "1/2-1/2"]
[WhiteElo "2166"]
[BlackElo "2281"]
[PlyCount "75"]
[EventDate "2018.??.??"]

1. d4 d5 2. c4 e6 3. Nf3 Nf6 4. e3 c5 5. Nc3 a6 6. cxd5 exd5 7. Be2 Nc6 8. O-O
cxd4 9. exd4 Be7 10. Ne5 O-O 11. Be3 Bf5 12. Nxc6 bxc6 13. Rc1 Bd6 14. Re1 Qb8
15. g3 Qxb2 16. Na4 Qa3 17. Nb6 Rae8 18. Bf3 Bb4 19. Re2 Ng4 20. Rxc6 Nxe3 21.
Rxe3 Rxe3 22. fxe3 Qxe3+ 23. Kg2 Be4 24. Nxd5 Bxf3+ 25. Qxf3 Qxd4 26. Nxb4 Qd2+
27. Kh3 Qxb4 28. Rxa6 h6 29. Ra8 Kh7 30. Rxf8 Qxf8 31. Qe4+ g6 32. a4 Qa3 33.
Qd5 Kg7 34. Qe5+ Kg8 35. a5 Qf3 36. Qb8+ Kg7 37. Qe5+ Kg8 38. Qb8+ {(=)}
1/2-1/2

[Event "OLNN 1819 FC St. Pauli II - SC Diogenes"]
[Site "?"]
[Date "2018.12.16"]
[Round "4.4"]
[White "Richter, Maik"]
[Black "Korba, Roman"]
[Result "1-0"]
[WhiteElo "2202"]
[BlackElo "2145"]
[PlyCount "79"]
[EventDate "2018.??.??"]

1. e4 e6 2. d4 d5 3. Nc3 Bb4 4. e5 c5 5. a3 Bxc3+ 6. bxc3 Ne7 7. Qg4 Qc7 8. Bd3
cxd4 9. Ne2 Qxe5 10. cxd4 h5 11. Qh4 Nf5 12. Qg5 Qf6 13. Qxf6 gxf6 14. Bxf5
exf5 15. Nf4 Nc6 16. Nxd5 Nxd4 17. O-O Be6 18. Nc7+ Kd7 19. Nxa8 Ne2+ 20. Kh1
Nxc1 21. Rfxc1 Rxa8 22. Rd1+ Kc6 23. Rd4 Kc5 24. Rad1 Rc8 25. Rh4 Rh8 26. Kg1
b5 27. f3 a5 28. Kf2 a4 29. h3 Rc8 30. c3 Kb6 31. Rd3 Bc4 32. Rd6+ Ka5 33. Rxh5
Be6 34. Rd3 Kb6 35. Rh4 Rc5 36. Rhd4 Re5 37. h4 Kc5 38. f4 Re4 39. h5 Bc4 40.
Rxe4 1-0

[Event "OLNN 1819 FC St. Pauli II - SC Diogenes"]
[Site "?"]
[Date "2018.12.16"]
[Round "4.5"]
[White "Gottuk, Stefan"]
[Black "Mitscherling, Andreas"]
[Result "1/2-1/2"]
[WhiteElo "2179"]
[BlackElo "2179"]
[PlyCount "91"]
[EventDate "2018.??.??"]

1. d4 Nf6 2. Bf4 d5 3. e3 c5 4. c3 Nc6 5. Nd2 Qb6 6. Qb3 e6 7. h3 Be7 8. Ngf3
O-O 9. Be2 Qxb3 10. axb3 cxd4 11. exd4 Ne8 12. b4 Bd6 13. Bxd6 Nxd6 14. Ne5 Ne7
15. O-O f6 16. Nd3 Nc6 17. Bf3 Kf7 18. Rfe1 Re8 19. Nf1 b6 20. Ne3 Bb7 21. Bg4
Re7 22. Ra2 a6 23. Rea1 g5 24. Be2 Rc8 25. Rf1 Kg7 26. g3 Ne4 27. Kh2 a5 28.
bxa5 Nxa5 29. Nb4 Nd6 30. Bd3 Ndc4 31. Re1 Rce8 32. Nbc2 Nd6 33. Nb4 Ndc4 34.
Kg2 Nxe3+ 35. Rxe3 e5 36. Bb5 Rc8 37. Nc2 e4 38. g4 f5 39. gxf5 Rf8 40. Rg3 Kf6
41. Ne3 Ra8 42. Kf1 Nb3 43. Rxa8 Bxa8 44. Ke2 Ra7 45. Rg1 h5 46. f3 {(=)}
1/2-1/2

[Event "OLNN 1819 FC St. Pauli II - SC Diogenes"]
[Site "?"]
[Date "2018.12.16"]
[Round "4.6"]
[White "Schuetze, Michael"]
[Black "Laqua, Christian"]
[Result "1/2-1/2"]
[WhiteElo "2187"]
[BlackElo "2130"]
[PlyCount "32"]
[EventDate "2018.??.??"]

1. Nf3 d6 2. d3 e5 3. e4 Nf6 4. g3 Be7 5. Bg2 O-O 6. O-O c6 7. Nbd2 Ne8 8. d4
Qc7 9. Re1 Be6 10. Nf1 Nd7 11. Ne3 Nb6 12. b3 f6 13. Bb2 Rd8 14. Qe2 Rf7 15. c4
c5 16. d5 Bc8 {(=)} 1/2-1/2

[Event "OLNN 1819 FC St. Pauli II - SC Diogenes"]
[Site "?"]
[Date "2018.12.16"]
[Round "4.7"]
[White "Rieling, Thomas"]
[Black "Grote, Dirk"]
[Result "1-0"]
[WhiteElo "2079"]
[BlackElo "2073"]
[PlyCount "83"]
[EventDate "2018.??.??"]

1. e4 c6 2. d4 d5 3. exd5 cxd5 4. Bd3 Nc6 5. c3 g6 6. Nf3 Bf5 7. Bxf5 gxf5 8.
Bf4 Nf6 9. Qd3 e6 10. Nbd2 Bd6 11. Bg5 Be7 12. Bxf6 Bxf6 13. h3 h5 14. O-O-O
Qc7 15. Kb1 O-O-O 16. Nb3 Rhg8 17. Ne1 h4 18. Qf3 Rg6 19. Nd3 Rdg8 20. Nf4 Rg5
21. Nc5 Nd8 22. Rhe1 Be7 23. Ncd3 Bd6 24. Rg1 Nc6 25. g3 Ne7 26. Qe3 Kb8 27.
Rg2 Qd8 28. Rdg1 Ng6 29. Nxg6 R5xg6 30. Nf4 Bxf4 31. Qxf4+ Ka8 32. g4 Qb8 33.
Qf3 f4 34. g5 a6 35. Rg4 Qd6 36. Rxf4 Rxg5 37. Rxg5 Rxg5 38. Rxf7 Rg1+ 39. Kc2
e5 40. Qf5 Qg6 41. Qxg6 Rxg6 42. dxe5 1-0

[Event "OLNN 1819 FC St. Pauli II - SC Diogenes"]
[Site "?"]
[Date "2018.12.16"]
[Round "4.8"]
[White "Goepfert, Jakob"]
[Black "Apitzsch, Leon Fabian"]
[Result "0-1"]
[WhiteElo "2146"]
[BlackElo "1940"]
[PlyCount "60"]
[EventDate "2018.??.??"]

1. d4 d5 2. c4 c6 3. Nc3 Nf6 4. Nf3 dxc4 5. a4 Bf5 6. e3 e6 7. Bxc4 Bb4 8. O-O
O-O 9. Qe2 Nbd7 10. e4 Bg6 11. Bg5 Be7 12. Rad1 Nxe4 13. Bxe7 Nxc3 14. Qxe6
fxe6 15. Bxd8 Nxd1 16. Be7 Rfe8 17. Ba3 Bc2 18. Ng5 Nf8 19. Be2 h6 20. Nf3 Nxb2
21. Bxb2 Bxa4 22. Re1 Bb5 23. Bd1 Bc4 24. Ne5 Bd5 25. Re3 g5 26. Rh3 Kg7 27.
Ng4 Ng6 28. Rxh6 Rh8 29. Rxh8 Rxh8 30. g3 Rf8 0-1

[Event "OLNN 1819 Hamburger SK III - SG Turm Ki"]
[Site "?"]
[Date "2018.12.16"]
[Round "4.1"]
[White "Hoi, Carsten"]
[Black "Gaede, Derek"]
[Result "0-1"]
[WhiteElo "2381"]
[BlackElo "2306"]
[PlyCount "82"]
[EventDate "2018.??.??"]

1. d4 Nf6 2. c4 e6 3. Nc3 Bb4 4. e3 O-O 5. Bd3 c5 6. Nge2 d5 7. cxd5 cxd4 8.
exd4 Nxd5 9. O-O Nc6 10. a3 Be7 11. Bc2 Nxc3 12. bxc3 b6 13. Qd3 g6 14. Bh6 Re8
15. f4 Bf6 16. Rad1 Bb7 17. Ng3 Ne7 18. Nh5 Nf5 19. Nxf6+ Qxf6 20. Bg5 Qg7 21.
Qh3 f6 22. Bh4 Qh6 23. Bxf5 gxf5 24. Qg3+ Kf7 25. Qe1 Rac8 26. Bg3 Qf8 27. Rc1
Qd6 28. Qe2 Qxa3 29. c4 Qd6 30. Rfd1 Qb8 31. d5 exd5 32. Qh5+ Kg7 33. Bf2 Qxf4
34. Rc3 dxc4 35. Rg3+ Kh8 36. Re1 Be4 37. Be3 Qc7 38. Qh6 Qf7 39. Rc1 c3 40. h4
c2 41. h5 Rg8 0-1

[Event "OLNN 1819 Hamburger SK III - SG Turm Ki"]
[Site "?"]
[Date "2018.12.16"]
[Round "4.2"]
[White "Pajeken, Jakob Leon"]
[Black "Olsen, Filip Boe"]
[Result "0-1"]
[WhiteElo "2320"]
[BlackElo "2343"]
[PlyCount "80"]
[EventDate "2018.??.??"]

1. d4 Nf6 2. Nf3 d5 3. c4 e6 4. e3 a6 5. b3 c5 6. Bb2 Nc6 7. Nbd2 cxd4 8. exd4
Be7 9. Bd3 O-O 10. O-O dxc4 11. bxc4 Rb8 12. Rc1 b5 13. cxb5 Nb4 14. Bb1 axb5
15. Nb3 Bb7 16. Nc5 Bd5 17. a3 Nc6 18. Ne5 Na5 19. Qd3 g6 20. Rfd1 Nc4 21. Nxc4
Bxc4 22. Qd2 Nd5 23. g3 Nb6 24. Be4 Bd5 25. Bxd5 Qxd5 26. Bc3 Bg5 27. f4 Nc4
28. Qf2 Bf6 29. Na6 Rbc8 30. Nb4 Qh5 31. Nd3 Nxa3 32. Bb4 Rc2 33. Bxf8 Rxf2 34.
Nxf2 Kxf8 35. Rd3 Nc4 36. d5 exd5 37. Rcd1 d4 38. Ne4 Bd8 39. Kg2 Ne3+ 40. Rxe3
Qxd1 0-1

[Event "OLNN 1819 Hamburger SK III - SG Turm Ki"]
[Site "?"]
[Date "2018.12.16"]
[Round "4.4"]
[White "Bracker, Arne"]
[Black "Boe, Mads"]
[Result "0-1"]
[WhiteElo "2173"]
[BlackElo "2308"]
[PlyCount "88"]
[EventDate "2018.??.??"]

1. e4 c6 2. d4 d5 3. Nc3 dxe4 4. Nxe4 Bf5 5. Ng3 Bg6 6. h4 h6 7. Nf3 Nf6 8. h5
Bh7 9. Bd3 Bxd3 10. Qxd3 e6 11. Bd2 c5 12. Ne4 Nc6 13. Bc3 Nb4 14. Nxf6+ gxf6
15. Bxb4 cxb4 16. Qb5+ Qd7 17. Qxd7+ Kxd7 18. O-O-O Rg8 19. g3 Bd6 20. Rh4 Rac8
21. Kd2 a5 22. Kd3 b5 23. c3 f5 24. cxb4 axb4 25. Ne5+ Ke7 26. Rhh1 Bxe5 27.
dxe5 Rc5 28. Rd2 Rd8+ 29. Ke2 Rxe5+ 30. Kd1 Ra8 31. Kc2 Rxa2 32. Kb3 Ra8 33.
Rc1 Ra7 34. Rc8 f4 35. gxf4 Rxh5 36. Rd4 Rf5 37. Rh8 h5 38. Rxb4 Rd7 39. Rb8
Rdd5 40. Kc3 h4 41. Rh8 Rh5 42. Rxh5 Rxh5 43. f5 h3 44. Rxb5 Rxf5 0-1

[Event "OLNN 1819 Hamburger SK III - SG Turm Ki"]
[Site "?"]
[Date "2018.12.16"]
[Round "4.5"]
[White "Zeller, Joerg"]
[Black "Bach, Matthias"]
[Result "1-0"]
[WhiteElo "2164"]
[BlackElo "2301"]
[PlyCount "89"]
[EventDate "2018.??.??"]

1. e4 d6 2. d4 g6 3. Be3 Nf6 4. f3 c6 5. Qd2 Nbd7 6. c4 Bg7 7. Nc3 O-O 8. Nge2
e5 9. d5 Nb6 10. b3 cxd5 11. cxd5 Nfd7 12. g4 f5 13. gxf5 gxf5 14. Bg5 Nf6 15.
Rg1 f4 16. Nc1 Kh8 17. Nd3 Qe8 18. Qf2 Qh5 19. Nb5 Ng4 20. Qh4 Qxh4+ 21. Bxh4
Ne3 22. Rc1 Bf6 23. Bxf6+ Rxf6 24. Nc7 Rb8 25. Ne8 Rh6 26. Nxd6 Rxd6 27. Nxe5
Rd7 28. Nxd7 Bxd7 29. Bd3 Bh3 30. Rc7 Nd7 31. Rg5 Nf8 32. Rh5 Bd7 33. Kd2 a5
34. Kc3 b6 35. Kd4 Rd8 36. Rh6 Bf5 37. exf5 Nxd5 38. Rcc6 Nf6+ 39. Kc3 Nd5+ 40.
Kd2 Nb4 41. Rcd6 Re8 42. Be4 Nxa2 43. f6 Nb4 44. Bxh7 Nxh7 45. Rd7 1-0

[Event "OLNN 1819 Hamburger SK III - SG Turm Ki"]
[Site "?"]
[Date "2018.12.16"]
[Round "4.6"]
[White "Malkiel, Daniel"]
[Black "Boehm, Thomas"]
[Result "1-0"]
[WhiteElo "2187"]
[BlackElo "2126"]
[PlyCount "81"]
[EventDate "2018.??.??"]

1. d4 d5 2. c4 c6 3. cxd5 cxd5 4. Bg5 Nc6 5. Nc3 Nf6 6. Bxf6 gxf6 7. e3 e6 8.
Nf3 Bd7 9. Bd3 f5 10. O-O Rc8 11. Rc1 Bd6 12. a3 O-O 13. Ne2 Qf6 14. Qd2 Qh6
15. g3 Kh8 16. Nf4 Rg8 17. Be2 Rg7 18. Ne5 Nxe5 19. Rxc8+ Bxc8 20. dxe5 Bxe5
21. Nh5 Rg8 22. f4 Bf6 23. Rc1 Rd8 24. Rc7 Kg8 25. Qc2 Bd7 26. Rxb7 Be8 27. Qc7
d4 28. Rb8 Rxb8 29. Qxb8 Kf8 30. Nxf6 Qxf6 31. Qd6+ Kg8 32. Qb8 Qe7 33. Bb5 Kf8
34. Qxe8+ Qxe8 35. Bxe8 Kxe8 36. exd4 Kd7 37. Kf2 Kc6 38. Ke3 Kb5 39. b3 a5 40.
Kd3 a4 41. b4 1-0

[Event "OLNN 1819 Hamburger SK III - SG Turm Ki"]
[Site "?"]
[Date "2018.12.16"]
[Round "4.7"]
[White "Budzyn, Matthias"]
[Black "Schumacher, Norbert"]
[Result "0-1"]
[WhiteElo "2123"]
[BlackElo "2155"]
[PlyCount "76"]
[EventDate "2018.??.??"]

1. e4 e6 2. d4 d5 3. e5 c5 4. c3 Nc6 5. Nf3 Qb6 6. a3 Nh6 7. b4 cxd4 8. cxd4
Nf5 9. Bb2 Bd7 10. g4 Nfe7 11. Nc3 Na5 12. Na4 Qc6 13. b5 Qc7 14. Rc1 Nc4 15.
Qb3 Qa5+ 16. Nc3 Rc8 17. Bd3 Ng6 18. Bxc4 dxc4 19. Qc2 Nf4 20. O-O Nd3 21. Rcd1
Nxb2 22. Qxb2 Qxa3 23. Qc2 Qb3 24. Qc1 Bb4 25. Qg5 O-O 26. Ne4 Qxf3 27. Nf6+
Kh8 28. Nxd7 Rfd8 29. Rb1 Rxd7 30. Rxb4 Rxd4 31. h3 Qxh3 32. f3 Qg3+ 33. Kh1
Rd3 34. Rb2 c3 35. Rh2 c2 36. Qc1 Rd1 37. Rxd1 Qxf3+ 38. Rg2 cxd1=Q+ 0-1